[Event "BL 0405 Preetzer TSV - SF Katernberg"]
[Site "?"]
[Date "2004.11.13"]
[Round "1.2"]
[White "Pedersen, Steffen"]
[Black "Naiditsch, Arkadij"]
[Result "1-0"]
[WhiteElo "2441"]
[BlackElo "2611"]
[PlyCount "135"]
[EventDate "2004.??.??"]

1. d4 Nf6 2. c4 e6 3. Nf3 b6 4. a3 Ba6 5. Qb3 d5 6. cxd5 exd5 7. Bg5 Be7 8. Nc3
c6 9. Bxf6 Bxf6 10. e4 Bxf1 11. Rxf1 O-O 12. O-O-O dxe4 13. Nxe4 Be7 14. Ne5
Qd5 15. Qxd5 cxd5 16. Nc3 Rd8 17. Kb1 f6 18. Ng4 Na6 19. Nb5 Rd7 20. Rc1 Rad8
21. Rfe1 Kf7 22. f4 g6 23. f5 gxf5 24. Ne3 f4 25. Nf5 Bf8 26. Rf1 Re8 27. Rxf4
Re2 28. Rc6 Nb8 29. Rxf6+ Kxf6 30. Ng3+ Kg6 31. Nxe2 Bh6 32. Rg4+ Kf6 33. Rg8
Nc6 34. Rc8 Ne7 35. Ra8 Nc6 36. Rc8 Ne7 37. Rc3 Nf5 38. Rc6+ Kg7 39. g4 Ne3 40.
Ng3 Bg5 41. h3 h6 42. Nd6 Kh7 43. Ndf5 Rf7 44. Nxe3 Bxe3 45. Nf5 Bf4 46. Re6 h5
47. Re7 Rxe7 48. Nxe7 hxg4 49. hxg4 Be3 50. Nf5 Bf2 51. Kc2 Kg6 52. Kd3 Kg5 53.
Ne7 Kxg4 54. Nc8 Kf5 55. Nxa7 Bg3 56. a4 Ke6 57. b4 Be1 58. b5 Bg3 59. Nc6 Bd6
60. Ke3 Ba3 61. a5 bxa5 62. b6 Bd6 63. b7 Kd7 64. b8=Q Bxb8 65. Nxb8+ Kc7 66.
Na6+ Kb6 67. Nc5 Kb5 68. Kf4 1-0

[Event "BL 0405 Preetzer TSV - SF Katernberg"]
[Site "?"]
[Date "2004.11.13"]
[Round "1.4"]
[White "Skytte, Rasmus"]
[Black "Chuchelov, Vladimir"]
[Result "1-0"]
[WhiteElo "2392"]
[BlackElo "2571"]
[PlyCount "59"]
[EventDate "2004.??.??"]

1. e4 c5 2. Nf3 e6 3. c3 Nf6 4. e5 Nd5 5. d4 cxd4 6. cxd4 d6 7. Bc4 Nb6 8. Bd3
dxe5 9. dxe5 N8d7 10. Bc2 Qc7 11. O-O Nxe5 12. Nxe5 Qxe5 13. Nc3 Bd7 14. Re1
Qc7 15. Bg5 Bd6 16. Qh5 Bf4 17. Ne4 h6 18. Bxf4 Qxf4 19. Qc5 Bc6 20. g3 Qc7 21.
Nd6+ Kd8 22. Qd4 Rf8 23. Nxb7+ Ke7 24. Qc5+ Kd7 25. Rad1+ Nd5 26. Ba4 Rfe8 27.
Rxd5+ exd5 28. Qxd5+ Kc8 29. Rxe8+ Bxe8 30. Nd6+ 1-0

[Event "BL 0405 Preetzer TSV - SF Katernberg"]
[Site "?"]
[Date "2004.11.13"]
[Round "1.7"]
[White "Thesing, Matthias"]
[Black "Willsch, Matthias"]
[Result "1/2-1/2"]
[WhiteElo "2420"]
[BlackElo "2250"]
[PlyCount "107"]
[EventDate "2004.??.??"]

1. e4 e6 2. d4 d5 3. exd5 exd5 4. Nf3 Bd6 5. c4 c6 6. Nc3 Ne7 7. Bd3 dxc4 8.
Bxc4 O-O 9. O-O Nd7 10. Re1 Nb6 11. Bb3 Nbd5 12. Ne5 f6 13. Nc4 Bb4 14. Bd2
Bxc3 15. bxc3 Kh8 16. Nb2 b5 17. a4 Bf5 18. axb5 cxb5 19. c4 bxc4 20. Nxc4 Nc6
21. Ra6 Rc8 22. Qa1 Bd3 23. Rc1 Nb6 24. Nxb6 axb6 25. Ra3 Qxd4 26. Be6 Qxa1 27.
Raxa1 Rc7 28. Bd5 Bb5 29. Rab1 Ba4 30. Be3 Rfc8 31. Rxb6 Ne7 32. Rxc7 Rxc7 33.
Be6 h6 34. h4 g6 35. Bd4 Kg7 36. Ba2 Nc6 37. Be3 g5 38. Be6 Ne5 39. Bf5 Bd7 40.
Be4 Bc8 41. Bd4 Re7 42. f3 Nd7 43. Rd6 Ne5 44. Kh2 Be6 45. Kg3 Bf7 46. Bc2 Re6
47. Rxe6 Bxe6 48. f4 gxf4+ 49. Kxf4 Ng6+ 50. Kg3 Ne7 51. Bf2 Bd5 52. Bc5 Ng6
53. Bf5 Nxh4 54. Kxh4 1/2-1/2

[Event "BL 0405 Preetzer TSV - SF Katernberg"]
[Site "?"]
[Date "2004.11.13"]
[Round "1.8"]
[White "Marxen, Peter Dr"]
[Black "Siebrecht, Sebastian"]
[Result "0-1"]
[WhiteElo "2212"]
[BlackElo "2366"]
[PlyCount "86"]
[EventDate "2004.??.??"]

1. e4 c5 2. c3 g6 3. d4 cxd4 4. cxd4 d5 5. e5 Nc6 6. Nc3 a6 7. h3 f6 8. exf6
Nxf6 9. Nf3 Bg7 10. Be2 O-O 11. O-O Nh5 12. Be3 Nf4 13. Qd2 Qd6 14. Rad1 Nxe2+
15. Qxe2 Bd7 16. Bg5 Rf5 17. Bh4 Raf8 18. Bg3 Qb4 19. a3 Qb3 20. Rd2 Rxf3 21.
gxf3 Nxd4 22. Rxd4 Bxd4 23. Qxe7 Bxh3 24. Bd6 Rxf3 25. Qd8+ Kg7 26. Qe7+ Rf7
27. Be5+ Kg8 28. Qe8+ Rf8 29. Qe7 Bxe5 30. Qxe5 Bxf1 31. Qe6+ Kg7 32. Qe7+ Rf7
33. Qe5+ Kh6 34. Qh2+ Kg5 35. Qg3+ Kf5 36. Qf3+ Ke6 37. Qe3+ Kd7 38. Kxf1 Qc4+
39. Kg1 Qg4+ 40. Kf1 d4 41. Qd3 Rf3 42. Qd1 Kc8 43. Ne2 d3 0-1

[Event "BL 0405 Hamburger SK - SV Mülheim Nord"]
[Site "?"]
[Date "2004.11.13"]
[Round "1.1"]
[White "Landa, Konstantin"]
[Black "Gustafsson, Jan"]
[Result "1/2-1/2"]
[WhiteElo "2571"]
[BlackElo "2603"]
[PlyCount "56"]
[EventDate "2004.??.??"]

1. d4 d5 2. Nf3 Nf6 3. c4 c6 4. Qb3 dxc4 5. Qxc4 Bf5 6. g3 e6 7. Bg2 Nbd7 8.
O-O Be7 9. Nc3 O-O 10. Re1 Ne4 11. Qb3 Qb6 12. Nh4 Bb4 13. g4 Nxf2 14. Nxf5
exf5 15. Kxf2 Qxd4+ 16. Kf1 Qxg4 17. h3 Qh4 18. Bg5 Qxg5 19. Qxb4 Ne5 20. Rad1
Rae8 21. e3 {(=)} Ng6 22. Qxb7 Nh4 23. Qxc6 Re6 24. Qd5 Rd6 25. Qb7 Rb6 26. Qd5
Rd6 27. Qb7 Rb6 28. Qd5 Rd6 1/2-1/2

[Event "BL 0405 Hamburger SK - SV Mülheim Nord"]
[Site "?"]
[Date "2004.11.13"]
[Round "1.3"]
[White "Levin, Felix"]
[Black "Hansen, Sune Berg"]
[Result "1/2-1/2"]
[WhiteElo "2498"]
[BlackElo "2551"]
[PlyCount "55"]
[EventDate "2004.??.??"]

1. d4 Nf6 2. c4 e6 3. Nf3 b6 4. g3 Ba6 5. b3 Bb7 6. Bg2 Bb4+ 7. Bd2 c5 8. O-O
O-O 9. Bxb4 cxb4 10. Qd3 a5 11. Nbd2 d6 12. e4 e5 13. Ne1 Nc6 14. Nc2 Nd7 15.
f3 Nxd4 16. Nxd4 Nc5 17. Qe3 exd4 18. Qxd4 Qe7 19. Rfd1 a4 20. bxa4 Rxa4 21.
Rab1 Rxa2 22. Rxb4 f5 23. Rxb6 fxe4 24. fxe4 Rd8 25. Nb3 Rxg2+ 26. Kxg2 Nxe4
27. Rxb7 Qxb7 28. Qd5+ 1/2-1/2

[Event "BL 0405 Hamburger SK - SV Mülheim Nord"]
[Site "?"]
[Date "2004.11.13"]
[Round "1.4"]
[White "Wahls, Matthias"]
[Black "Schebler, Gerhard"]
[Result "0-1"]
[WhiteElo "2551"]
[BlackElo "2496"]
[PlyCount "90"]
[EventDate "2004.??.??"]

1. c4 {0} g6 2. Nc3 Bg7 3. g3 c5 4. Bg2 Nc6 5. a3 b6 6. d3 Bb7 7. Bd2 e6 8. b4
d6 9. Rb1 Qd7 10. Nf3 Nge7 11. O-O O-O 12. e4 Rfd8 13. Qe2 Nd4 14. Nxd4 Bxd4
15. Nb5 Bg7 16. Bf4 e5 17. Bg5 h6 18. Be3 Kh7 19. Qd2 Nc6 20. f4 exf4 21. gxf4
f5 22. Nc3 Nd4 23. bxc5 bxc5 24. exf5 Bc6 25. fxg6+ Kxg6 26. f5+ Kh7 27. f6 Rg8
28. fxg7 Rxg7 29. Ne4 Bxe4 30. dxe4 Rag8 31. Rb2 Rxg2+ 32. Qxg2 Rxg2+ 33. Rxg2
Qe6 34. Bxd4 cxd4 35. Rgf2 Qg4+ 36. Rg2 Qe6 37. Rgf2 d3 38. Rf7+ Kg6 39. R1f6+
Qxf6 40. Rxf6+ Kxf6 41. Kf2 Ke5 42. Ke3 d2 43. Kxd2 Kd4 44. Ke2 Kxe4 45. h4 Kd4
0-1

[Event "BL 0405 Hamburger SK - SV Mülheim Nord"]
[Site "?"]
[Date "2004.11.13"]
[Round "1.5"]
[White "Saltaev, Mihail"]
[Black "Bezold, Michael"]
[Result "1-0"]
[WhiteElo "2485"]
[BlackElo "2532"]
[PlyCount "55"]
[EventDate "2004.??.??"]

1. e4 g6 2. d4 Bg7 3. Nc3 d6 4. f4 a6 5. Nf3 Nd7 6. Bd3 b5 7. O-O c5 8. dxc5
Nxc5 9. Qe1 Nf6 10. a3 Bb7 11. f5 Qd7 12. Ng5 Qc6 13. Bd2 gxf5 14. Rxf5 h6 15.
Nf3 Nfxe4 16. Nd5 e5 17. Bxe4 Nxe4 18. Qxe4 Qxd5 19. Qg4 Rg8 20. Bxh6 Qe6 21.
Bxg7 Rxg7 22. Qxg7 Qxf5 23. Rf1 Bd5 24. Ng5 Qxc2 25. Nxf7 Qc7 26. Qg8+ Kd7 27.
Nxe5+ Ke7 28. Qxd5 1-0

[Event "BL 0405 Hamburger SK - SV Mülheim Nord"]
[Site "?"]
[Date "2004.11.13"]
[Round "1.6"]
[White "Reeh, Oliver"]
[Black "Hausrath, Daniel"]
[Result "1/2-1/2"]
[WhiteElo "2464"]
[BlackElo "2478"]
[PlyCount "45"]
[EventDate "2004.??.??"]

1. e4 c5 2. Nf3 Nc6 3. Bb5 Nf6 4. Nc3 Qc7 5. d3 Nd4 6. Bc4 e6 7. Be3 Nxf3+ 8.
Qxf3 a6 9. a4 Bd6 10. h3 Be5 11. O-O b6 12. Qe2 O-O 13. f4 Bxc3 14. bxc3 d5 15.
e5 Nd7 16. Bb3 f5 17. exf6 Nxf6 18. c4 Bb7 19. Bd2 Qc6 20. Rf2 Rae8 21. c3 Qd6
22. Qe5 Qd7 23. Bc2 1/2-1/2

[Event "BL 0405 SG Köln Porz - Stuttgarter Sfr"]
[Site "?"]
[Date "2004.11.13"]
[Round "1.1"]
[White "Oral, Tomas"]
[Black "Lutz, Christopher"]
[Result "1/2-1/2"]
[WhiteElo "2565"]
[BlackElo "2596"]
[PlyCount "46"]
[EventDate "2004.??.??"]

1. e4 c5 2. Nf3 e6 3. b3 a6 4. Bb2 d6 5. d4 cxd4 6. Nxd4 Nf6 7. Bd3 Be7 8. O-O
O-O 9. c4 Bd7 10. Qe2 Nc6 11. Nd2 Nb4 12. Bb1 Nc6 13. Bd3 Nb4 14. Bb1 Nc6 15.
N2f3 Qa5 16. Nxc6 Bxc6 17. Nd4 Nd7 18. a3 Qb6 19. Bc2 Rac8 20. Rad1 Bf6 21. Kh1
Qc7 22. Qd3 Nc5 23. Qe3 e5 1/2-1/2

[Event "BL 0405 SG Köln Porz - Stuttgarter Sfr"]
[Site "?"]
[Date "2004.11.13"]
[Round "1.2"]
[White "Van Wely, Loek"]
[Black "Sedlak, Nikola"]
[Result "1-0"]
[WhiteElo "2681"]
[BlackElo "2521"]
[PlyCount "98"]
[EventDate "2004.??.??"]

1. d4 d5 2. c4 c6 3. Nc3 Nf6 4. Nf3 a6 5. a4 e6 6. Bg5 Nbd7 7. cxd5 exd5 8. Qc2
a5 9. e3 Be7 10. Bd3 O-O 11. O-O Re8 12. Rae1 Nf8 13. Ne5 Ng4 14. Bxe7 Rxe7 15.
f4 f6 16. Nxg4 Bxg4 17. f5 Bh5 18. Kh1 Qb6 19. Rg1 Bf7 20. g4 c5 21. Qf2 cxd4
22. exd4 Rae8 23. Rd1 Re3 24. Bb5 R8e7 25. Rg3 Rxg3 26. Qxg3 Qd8 27. h4 Be8 28.
g5 Bxb5 29. axb5 fxg5 30. hxg5 Qe8 31. Kg1 Re3 32. Qf4 Rh3 33. Kf2 Qh5 34. Rg1
Rh4 35. Qe5 Rh2+ 36. Ke3 Rxb2 37. Qxd5+ Qf7 38. g6 hxg6 39. fxg6 Qe6+ 40. Qxe6+
Nxe6 41. d5 Nc5 42. d6 Kf8 43. Rg5 b6 44. Re5 a4 45. Nxa4 Rb3+ 46. Ke2 Nd7 47.
Rh5 Kg8 48. Rf5 Ra3 49. Rf7 Ne5 1-0

[Event "BL 0405 SG Köln Porz - Stuttgarter Sfr"]
[Site "?"]
[Date "2004.11.13"]
[Round "1.3"]
[White "Schmittdiel, Eckhard"]
[Black "Vaganian, Rafael A"]
[Result "1/2-1/2"]
[WhiteElo "2454"]
[BlackElo "2640"]
[PlyCount "67"]
[EventDate "2004.??.??"]

1. e4 e6 2. d4 d5 3. Nc3 Bb4 4. e5 c5 5. a3 Ba5 6. b4 cxd4 7. Nb5 Bc7 8. f4 Bd7
9. Nf3 Bxb5 10. Bxb5+ Nc6 11. Bb2 Nge7 12. Bd3 Bb6 13. O-O a6 14. Kh1 h5 15.
Qd2 g6 16. a4 a5 17. b5 Nb4 18. Nxd4 Rc8 19. Rac1 Qc7 20. Ne2 Qb8 21. Ba3 Bc5
22. Bxb4 Bxb4 23. Qe3 Ba3 24. Rb1 Bc5 25. Qh3 Bb6 26. Rbe1 Nf5 27. Rf3 Kd7 28.
Rd1 Rc5 29. c4 Ne7 30. cxd5 Rxd5 31. Nc3 Rd4 32. Ne2 Rd5 33. Nc3 Rd4 34. Ne2
1/2-1/2

[Event "BL 0405 SG Köln Porz - Stuttgarter Sfr"]
[Site "?"]
[Date "2004.11.13"]
[Round "1.5"]
[White "Papa, Severin"]
[Black "Graf, Alexander"]
[Result "1/2-1/2"]
[WhiteElo "2411"]
[BlackElo "2646"]
[PlyCount "90"]
[EventDate "2004.??.??"]

1. d4 Nf6 2. c4 e6 3. Nc3 Bb4 4. e3 O-O 5. Bd3 d5 6. Nf3 b6 7. O-O Bb7 8. cxd5
exd5 9. a3 Bd6 10. b4 a6 11. Qb3 Qe7 12. Rb1 Nbd7 13. a4 c6 14. Re1 Ne4 15. b5
Nxc3 16. Qxc3 cxb5 17. axb5 a5 18. Qb3 Nf6 19. Ra1 Ne4 20. Ba3 Bxa3 21. Rxa3
Rac8 22. Qb2 Rc7 23. Raa1 Rfc8 24. Rac1 f6 25. Nd2 Qb4 26. Qxb4 axb4 27. Rxc7
Rxc7 28. Bxe4 dxe4 29. Kf1 Rc2 30. Ke2 Bd5 31. Rb1 b3 32. Ke1 Rc3 33. Kd1 f5
34. Rc1 Rd3 35. Ke2 Be6 36. h3 Bd7 37. Rb1 Bxb5 38. Ke1 Ba4 39. Nc4 b5 40. Na5
Rc3 41. Rb2 b4 42. Kd2 g5 43. Nb7 Bc6 44. Nc5 Bd5 45. Na6 Rc4 1/2-1/2

[Event "BL 0405 SV Hofheim - TV Tegernsee"]
[Site "?"]
[Date "2004.11.13"]
[Round "1.1"]
[White "Khenkin, Igor"]
[Black "Savchenko, Stanislav"]
[Result "1/2-1/2"]
[WhiteElo "2587"]
[BlackElo "2497"]
[PlyCount "41"]
[EventDate "2004.??.??"]

1. d4 d5 2. c4 c6 3. Nf3 Nf6 4. Qb3 e6 5. Bg5 Nbd7 6. Nc3 Be7 7. e3 O-O 8. Bd3
b6 9. cxd5 Nxd5 10. Nxd5 Bxg5 11. Nb4 Bb7 12. Be4 Rc8 13. Rc1 Nb8 14. O-O Be7
15. Nd3 Bd6 16. Nfe5 Ba6 17. Nxc6 Nxc6 18. Bxc6 Bxd3 19. Qxd3 Bxh2+ 20. Kxh2
Qd6+ 21. f4 1/2-1/2

[Event "BL 0405 SV Hofheim - TV Tegernsee"]
[Site "?"]
[Date "2004.11.13"]
[Round "1.4"]
[White "Krivoshey, Sergei"]
[Black "Bischoff, Klaus"]
[Result "1/2-1/2"]
[WhiteElo "2499"]
[BlackElo "2559"]
[PlyCount "57"]
[EventDate "2004.??.??"]

1. Nf3 g6 2. d4 Bg7 3. c4 c5 4. d5 f5 5. e4 fxe4 6. Ng5 Nf6 7. Nc3 O-O 8. Ngxe4
d6 9. Bd3 Nxe4 10. Nxe4 Nd7 11. O-O Ne5 12. Be2 Bf5 13. Ng3 Bd7 14. Bd2 Qe8 15.
f4 Nf7 16. Bc3 Nh6 17. Bxg7 Kxg7 18. Qd2 Kg8 19. Rae1 Qf7 20. Ne4 Qg7 21. h3
Nf5 22. Bg4 h6 23. Bxf5 Rxf5 24. Ng3 Rf7 25. Re4 b6 26. Rfe1 Re8 27. Kh2 Kh7
28. a3 a5 29. R1e3 1/2-1/2

[Event "BL 0405 SV Hofheim - TV Tegernsee"]
[Site "?"]
[Date "2004.11.13"]
[Round "1.5"]
[White "Boensch, Uwe"]
[Black "Houska, Jovanka"]
[Result "1/2-1/2"]
[WhiteElo "2540"]
[BlackElo "2298"]
[PlyCount "107"]
[EventDate "2004.??.??"]

1. d4 d5 2. c4 c6 3. e3 Nf6 4. Nf3 Bf5 5. Nc3 e6 6. Nh4 Bg6 7. Nxg6 hxg6 8. Bd2
Nbd7 9. g3 Be7 10. cxd5 cxd5 11. Bd3 Rc8 12. O-O e5 13. Rc1 e4 14. Be2 O-O 15.
Qb3 Nb6 16. Nb5 Nc4 17. Bxc4 dxc4 18. Rxc4 Qd7 19. Rxc8 Rxc8 20. Kg2 Nh7 21. h4
Bxh4 22. Nc3 Nf6 23. Rc1 Qf5 24. Qd1 Bg5 25. Qe2 a6 26. Na4 Rxc1 27. Bxc1 Nh7
28. Nc3 Be7 29. g4 Qe6 30. d5 Qe5 31. f4 exf3+ 32. Qxf3 Nf6 33. Qf4 Qxf4 34.
exf4 Nxg4 35. Kf3 Nf6 36. Ke3 Bc5+ 37. Kd3 b5 38. a3 Kf8 39. b4 Bb6 40. a4 bxa4
41. Nxa4 Nxd5 42. Nxb6 Nxb6 43. Kd4 Ke7 44. Kc5 Nd7+ 45. Kc6 Nf6 46. Kb7 Nd5
47. Bd2 Ke6 48. Kxa6 Kf5 49. b5 Nc7+ 50. Kb6 Nxb5 51. Kxb5 f6 52. Kc4 g5 53.
fxg5 fxg5 54. Kd3 1/2-1/2

[Event "BL 0405 SV Hofheim - TV Tegernsee"]
[Site "?"]
[Date "2004.11.13"]
[Round "1.6"]
[White "Pirrot, Dieter"]
[Black "Kindermann, Stefan"]
[Result "1/2-1/2"]
[WhiteElo "2398"]
[BlackElo "2536"]
[PlyCount "65"]
[EventDate "2004.??.??"]

1. e4 e6 2. d4 d5 3. e5 c5 4. c3 Nc6 5. Nf3 Bd7 6. dxc5 Bxc5 7. b4 Bb6 8. b5
Na5 9. Bd3 Ne7 10. O-O Rc8 11. a4 Ng6 12. Re1 Qe7 13. Bg5 f6 14. Be3 Bxe3 15.
Rxe3 f5 16. Nbd2 O-O 17. Rc1 Rc7 18. Nb3 Nc4 19. Bxc4 Rxc4 20. Nbd2 Rc7 21. Qb3
Rfc8 22. g3 a6 23. Nd4 axb5 24. axb5 f4 25. Ree1 Qg5 26. N2f3 Qg4 27. Qb4 Rc5
28. b6 fxg3 29. hxg3 Nf4 30. Re3 Nh3+ 31. Kg2 Nf4+ 32. Kg1 Nh3+ 33. Kg2 1/2-1/2

[Event "BL 0405 SV Hofheim - TV Tegernsee"]
[Site "?"]
[Date "2004.11.13"]
[Round "1.7"]
[White "Hertneck, Gerald"]
[Black "Zude, Erik Dr"]
[Result "1-0"]
[WhiteElo "2552"]
[BlackElo "2385"]
[PlyCount "81"]
[EventDate "2004.??.??"]

1. e4 e5 2. Nf3 Nc6 3. Bb5 a6 4. Ba4 d6 5. Bxc6+ bxc6 6. d4 f6 7. Be3 Ne7 8.
Nc3 Ng6 9. Qd2 Bd7 10. h4 h5 11. O-O-O Qb8 12. dxe5 fxe5 13. Ng5 Be7 14. Qe2 a5
15. Kb1 Qb7 16. Ka1 Qa6 17. Qxa6 Rxa6 18. Ne2 O-O 19. f3 Bxg5 20. Bxg5 Be8 21.
Rdg1 Nh8 22. a4 Bd7 23. b3 Nf7 24. Be3 Nd8 25. Ng3 g6 26. Nf1 c5 27. Nd2 Nc6
28. Kb2 Nd4 29. c3 Ne2 30. Rb1 Be6 31. g3 Rb6 32. Rh2 Nd4 33. cxd4 cxd4 34. Bg5
c5 35. Ka3 d5 36. exd5 Bxd5 37. Re2 Rf5 38. Bd8 Rb8 39. Bc7 Re8 40. Rbe1 Bxf3
41. Rxe5 1-0

[Event "BL 0405 SV Hofheim - TV Tegernsee"]
[Site "?"]
[Date "2004.11.13"]
[Round "1.8"]
[White "Brendel, Oliver"]
[Black "Teske, Henrik"]
[Result "1-0"]
[WhiteElo "2340"]
[BlackElo "2538"]
[PlyCount "75"]
[EventDate "2004.??.??"]

1. e4 e5 2. Nf3 d6 3. d4 exd4 4. Nxd4 Nf6 5. Nc3 Be7 6. g3 O-O 7. Bg2 Re8 8.
O-O Bf8 9. Re1 c5 10. Nde2 Nc6 11. Nf4 Bg4 12. f3 Bd7 13. b3 a6 14. Bb2 Rc8 15.
Qd2 b5 16. Rad1 b4 17. Ncd5 Nxd5 18. Nxd5 Be6 19. Bf1 Qa5 20. Ra1 Nd4 21. Bxd4
cxd4 22. a3 Bxd5 23. axb4 Qb6 24. Rxa6 Qb7 25. exd5 Rxc2 26. Qxc2 Rxe1 27. Qc4
Rd1 28. Ra2 g6 29. Kg2 Bg7 30. b5 h5 31. Qc6 Qe7 32. Re2 Qf6 33. Rf2 Bh6 34. b6
Be3 35. b7 Bxf2 36. b8=Q+ Kh7 37. Qbxd6 Qg5 38. Qf6 1-0

[Event "BL 0405 SC Baden Oos - SV Wattenscheid"]
[Site "?"]
[Date "2004.11.13"]
[Round "1.5"]
[White "Appel, Ralf"]
[Black "Krasenkow, Michal"]
[Result "1/2-1/2"]
[WhiteElo "2507"]
[BlackElo "2676"]
[PlyCount "87"]
[EventDate "2004.??.??"]

1. d4 g6 2. Nf3 d6 3. Bg5 Bg7 4. c3 h6 5. Bf4 Nd7 6. e4 e5 7. dxe5 dxe5 8. Bg3
Qe7 9. Nbd2 Ngf6 10. Be2 O-O 11. O-O Nh5 12. Re1 Nf4 13. Bf1 a5 14. Bxf4 exf4
15. e5 Nc5 16. Nb3 Rd8 17. Qc1 g5 18. g3 fxg3 19. hxg3 Bf5 20. Nfd4 Bg6 21. Qe3
Ne6 22. Bc4 Nxd4 23. cxd4 c6 24. Nc5 Kh8 25. Rad1 b6 26. Ne4 c5 27. Nd6 f6 28.
dxc5 fxe5 29. Bd3 bxc5 30. Bxg6 Rxd6 31. Qxc5 Rxd1 32. Qxe7 Rxe1+ 33. Kg2 Rf8
34. g4 Re2 35. Bf5 Rxb2 36. Qe6 Rd8 37. Qg6 Kg8 38. Qh7+ Kf7 39. Bc2 Rd4 40.
Qg6+ Kf8 41. Qf5+ Ke7 42. Bb3 Rxb3 43. axb3 a4 44. bxa4 1/2-1/2

[Event "BL 0405 SC Baden Oos - SV Wattenscheid"]
[Site "?"]
[Date "2004.11.13"]
[Round "1.6"]
[White "Dautov, Rustem"]
[Black "Holzke, Frank Dr"]
[Result "1/2-1/2"]
[WhiteElo "2623"]
[BlackElo "2492"]
[PlyCount "43"]
[EventDate "2004.??.??"]

1. d4 Nf6 2. c4 g6 3. g3 d5 4. cxd5 Nxd5 5. Bg2 Bg7 6. e4 Nb6 7. Ne2 c5 8. d5
e6 9. O-O O-O 10. Nec3 exd5 11. exd5 Na6 12. Na3 Bf5 13. Be3 Qd7 14. Re1 Rfe8
15. Qd2 Nc8 16. Bf4 Nd6 17. Bxd6 Qxd6 18. Nab5 Qd7 19. d6 Nb4 20. Nc7 Rxe1+ 21.
Rxe1 Rd8 22. Bxb7 1/2-1/2

[Event "BL 0405 SC Baden Oos - SV Wattenscheid"]
[Site "?"]
[Date "2004.11.13"]
[Round "1.7"]
[White "Dinstuhl, Volkmar Dr"]
[Black "Schmaltz, Roland"]
[Result "1/2-1/2"]
[WhiteElo "2420"]
[BlackElo "2528"]
[PlyCount "138"]
[EventDate "2004.??.??"]

1. d4 Nf6 2. c4 g6 3. Nc3 Bg7 4. g3 O-O 5. Bg2 d6 6. Nf3 Nbd7 7. O-O e5 8. b3
exd4 9. Nxd4 Re8 10. e4 Nc5 11. f3 Bd7 12. Be3 a6 13. Rc1 c6 14. b4 Ne6 15.
Nce2 Nxd4 16. Bxd4 a5 17. a3 axb4 18. axb4 Ra2 19. Rf2 h6 20. Nc3 Rxf2 21. Bxf2
Be6 22. Ne2 Qe7 23. Nd4 Bc8 24. Qc2 h5 25. Re1 Nh7 26. f4 h4 27. Nf3 hxg3 28.
Bxg3 Nf6 29. Bh4 Qc7 30. Kh1 Nh5 31. Qd2 Be6 32. Rc1 Bg4 33. Ne1 Bh6 34. Nd3
Qd7 35. Re1 Ra8 36. Bg5 Bxg5 37. fxg5 Be6 38. Qc3 Qe7 39. h4 Qd7 40. Kh2 Qc7
41. e5 dxe5 42. Nxe5 Rd8 43. Kg1 Qd6 44. Bf3 Ng7 45. Rd1 Qe7 46. Rxd8+ Qxd8 47.
c5 Bd5 48. Qd2 Qe7 49. Qf4 Bxf3 50. Nxf3 Qe2 51. Ne5 Nf5 52. Ng4 Qe1+ 53. Kg2
Nxh4+ 54. Kh3 Nf5 55. Nf6+ Kg7 56. Kg2 Nh4+ 57. Kh3 Nf5 58. Kg2 Qe2+ 59. Kh3
Qe3+ 60. Qxe3 Nxe3 61. Ne8+ Kf8 62. Nd6 Nd5 63. Nxb7 Nxb4 64. Kg4 Ke7 65. Kf3
Nd5 66. Na5 Kd7 67. Ke4 Nc7 68. Ke5 Ne6 69. Kf6 Nxc5 1/2-1/2

[Event "BL 0405 SC Baden Oos - SV Wattenscheid"]
[Site "?"]
[Date "2004.11.13"]
[Round "1.8"]
[White "Keitlinghaus, Ludger"]
[Black "Straeter, Timo"]
[Result "1-0"]
[WhiteElo "2493"]
[BlackElo "2348"]
[PlyCount "55"]
[EventDate "2004.??.??"]

1. e4 e5 2. Nf3 Nc6 3. Nc3 Nf6 4. Bb5 Bb4 5. O-O O-O 6. Bxc6 dxc6 7. d3 Bxc3 8.
bxc3 Bg4 9. h3 Bh5 10. Kh2 Qd6 11. Rg1 Bxf3 12. Qxf3 Nd7 13. Qg3 f5 14. exf5
Rxf5 15. Be3 Nf6 16. Kh1 Rf8 17. c4 Nh5 18. Qg4 Nf4 19. Rae1 h5 20. Qd1 Ng6 21.
f3 Nh4 22. Bf2 Nxf3 23. gxf3 Rxf3 24. Bg3 Qe6 25. Qe2 Rf2 26. Qxh5 R2f5 27. Qg4
Qf6 28. Bh2 1-0

[Event "BL 0405 SC Eppingen - Solinger SG"]
[Site "?"]
[Date "2004.11.13"]
[Round "1.2"]
[White "Acs, Peter"]
[Black "Gabriel, Christian"]
[Result "1-0"]
[WhiteElo "2521"]
[BlackElo "2556"]
[PlyCount "87"]
[EventDate "2004.??.??"]

1. e4 e5 2. Nf3 Nc6 3. Bb5 a6 4. Ba4 Nf6 5. O-O Be7 6. Re1 b5 7. Bb3 d6 8. c3
O-O 9. h3 Nb8 10. d4 Nbd7 11. Nbd2 Bb7 12. Bc2 Re8 13. Nf1 Bf8 14. Ng3 g6 15.
b3 c6 16. Bg5 Bg7 17. Qd2 Qc7 18. a4 Rad8 19. Bd3 Nf8 20. Qc2 Ne6 21. Be3 Nd7
22. Rec1 Qb8 23. axb5 axb5 24. b4 Ba8 25. Ra5 Bb7 26. Ne2 Qc7 27. Qb3 c5 28.
Bxb5 Bxe4 29. Nd2 Ba8 30. d5 Nef8 31. Rca1 Rb8 32. bxc5 dxc5 33. Ra7 Qd8 34. c4
f5 35. Qa4 Bb7 36. Bxd7 Nxd7 37. Rb1 Qc7 38. Qb5 f4 39. Rxb7 Rxb7 40. Qxb7 Qxb7
41. Rxb7 fxe3 42. fxe3 Nf6 43. Nc3 e4 44. Kf1 1-0

[Event "BL 0405 SC Eppingen - Solinger SG"]
[Site "?"]
[Date "2004.11.13"]
[Round "1.3"]
[White "Naumann, Alexander"]
[Black "Medvegy, Zoltan"]
[Result "1/2-1/2"]
[WhiteElo "2538"]
[BlackElo "2467"]
[PlyCount "83"]
[EventDate "2004.??.??"]

1. e4 c6 2. d4 d5 3. Nd2 dxe4 4. Nxe4 Bf5 5. Ng3 Bg6 6. h4 h6 7. Nf3 Nd7 8. h5
Bh7 9. Bd3 Bxd3 10. Qxd3 Ngf6 11. Bd2 e6 12. O-O-O Be7 13. Kb1 O-O 14. Ne4 c5
15. Nxf6+ Bxf6 16. Be3 cxd4 17. Bxd4 Bxd4 18. Qxd4 Nf6 19. g4 Qa5 20. Qe5 Qxe5
21. Nxe5 Rfd8 22. f3 Nd5 23. Rd4 Ne3 24. Re4 Nd5 25. Kc1 f6 26. Ng6 Kf7 27. f4
Ne7 28. Nh4 Rd6 29. Rhe1 Nc6 30. c3 e5 31. Ng6 exf4 32. Rxf4 Re8 33. Rxe8 Kxe8
34. Re4+ Kf7 35. Kc2 Re6 36. Kd3 Rd6+ 37. Ke2 Rd5 38. b4 Rg5 39. Nh8+ Kf8 40.
Ng6+ Kf7 41. Nh8+ Kf8 42. Ng6+ 1/2-1/2

[Event "BL 0405 SC Eppingen - Solinger SG"]
[Site "?"]
[Date "2004.11.13"]
[Round "1.4"]
[White "Mann, Christian"]
[Black "Smeets, Jan"]
[Result "1-0"]
[WhiteElo "2455"]
[BlackElo "2515"]
[PlyCount "93"]
[EventDate "2004.??.??"]

1. g3 d5 2. Bg2 c6 3. d3 e5 4. Nf3 Bd6 5. Nbd2 Ne7 6. O-O O-O 7. e4 dxe4 8.
Nxe4 Bc7 9. b3 Bg4 10. Qe1 Na6 11. Bb2 Ng6 12. h3 Bd7 13. Rd1 f5 14. Ned2 Qe7
15. Nc4 Rae8 16. d4 e4 17. Nfe5 Nxe5 18. dxe5 Be6 19. Nd6 Rb8 20. f3 exf3 21.
Rxf3 Nc5 22. Ba3 Bb6 23. Kh2 Qg5 24. Qc3 Nd7 25. Nxb7 Rxb7 26. Qxc6 Re8 27.
Qxb7 Nxe5 28. Rf4 Ng4+ 29. hxg4 Qh6+ 30. Bh3 fxg4 31. Qg2 gxh3 32. Qf3 g5 33.
Rf6 g4 34. Qc6 Qxf6 35. Qxe8+ Kg7 36. Qe7+ Qxe7 37. Bxe7 h5 38. c4 Kf7 39. Bd6
Be3 40. Rf1+ Ke8 41. Re1 Kd7 42. Rxe3 Kxd6 43. c5+ Kd5 44. b4 Bf5 45. Re7 Kc4
46. Re5 Bc8 47. a3 1-0

[Event "BL 0405 SC Eppingen - Solinger SG"]
[Site "?"]
[Date "2004.11.13"]
[Round "1.6"]
[White "Miltner, Arndt"]
[Black "Werle, Jan"]
[Result "0-1"]
[WhiteElo "2402"]
[BlackElo "2457"]
[PlyCount "62"]
[EventDate "2004.??.??"]

1. e4 e5 2. d3 Nc6 3. Nc3 Nf6 4. Nf3 Bb4 5. Bd2 d5 6. exd5 Nxd5 7. g3 O-O 8.
Bg2 Bg4 9. h3 Bh5 10. O-O Nde7 11. g4 Bg6 12. Nh4 f6 13. f4 exf4 14. Rxf4 Bf7
15. Rf1 Bxc3 16. bxc3 Bd5 17. Qe2 Qd7 18. Rae1 Rae8 19. Qf2 b6 20. Nf3 Ne5 21.
Nxe5 fxe5 22. Qg3 Ng6 23. c4 Bxc4 24. Rxf8+ Rxf8 25. h4 Bd5 26. Be4 Bxe4 27.
Rxe4 Qf7 28. Re1 Nf4 29. Kh2 Qxa2 30. Rxe5 Qxc2 31. Qe3 Qxd3 0-1